| 000 | 00779nam a22002177a 4500 | ||
|---|---|---|---|
| 999 |
_c7599 _d7599 |
||
| 003 | AR-CdUCM | ||
| 008 | 190320b ||||| |||| 00| 0 spa d | ||
| 040 |
_aMUNICIPALIDAD PROVINCIAL DEL CUSCO _cBIBLIOTECA MUNICIPAL DEL CUSCO |
||
| 041 | _heng | ||
| 082 |
_a530 / _bP38 |
||
| 100 |
_aPeierls, R. E. _921449 |
||
| 245 | _aLas leyes de la naturaleza / | ||
| 260 |
_aMéxico, D. F : _bUniversidad nacional autónoma de México, Dirección general de publicaciones, _c1958. |
||
| 300 |
_a384 páginas ; _c22 cm. |
||
| 440 |
_aProblemas científicos y filosóficos. _n13 _921450 |
||
| 505 | _aMovimiento y fuerza -- Electricidad y magnetismo -- luz -- átomos y electrones ... | ||
| 650 |
_aFísica _92382 |
||
| 700 |
_aLearn, Daisy _921451 |
||
| 942 |
_2ddc _cLIBROS |
||
| 945 | _aacv | ||